| Tag |
First Indicator |
Second Indicator |
Subfields |
| LEADER |
00000cam a2200000 i 4500 |
| 001 |
in00000066914 |
| 005 |
20151008050808.0 |
| 008 |
790813s1979 enka b 00110 eng |
| 010 |
|
|
|a 79311557
|
| 015 |
|
|
|a GB***
|
| 020 |
|
|
|a 0435104977 :
|c 8.50
|
| 020 |
|
|
|a 0435104985 (pbk.)
|
| 035 |
|
|
|a (OCoLC)05355090
|
| 035 |
|
|
|9 AAG3425AM
|
| 040 |
|
|
|a DLC
|c DLC
|d OCL
|d TXA
|d UtOrBLW
|
| 049 |
|
|
|a TXAM
|c [1159800]
|
| 050 |
0 |
0 |
|a LB1050
|b .G765 1979
|
| 082 |
0 |
|
|a 428/.4
|
| 110 |
2 |
|
|a Schools Council (Great Britain).
|b Effective Use of Reading Project.
|
| 245 |
1 |
4 |
|a The effective use of reading /
|c [Schools Council Effective Use of Reading Project] ; edited by Eric Lunzer and Keith Gardner.
|
| 264 |
|
1 |
|a London :
|b Heinemann Educational Books for the Schools Council,
|c 1979.
|
| 300 |
|
|
|a 337 pages :
|b illustrations ;
|c 22 cm.
|
| 336 |
|
|
|a text
|b txt
|2 rdacontent
|
| 337 |
|
|
|a unmediated
|b n
|2 rdamedia
|
| 338 |
|
|
|a volume
|b nc
|2 rdacarrier
|
| 500 |
|
|
|a Includes index.
|
| 504 |
|
|
|a Bibliography: pages 322-327.
|
| 650 |
|
0 |
|a Reading.
|
| 650 |
|
0 |
|a Children
|x Books and reading.
|
| 700 |
1 |
|
|a Lunzer, Eric Anthony.
|
| 700 |
1 |
|
|a Gardner, Keith.
|
| 999 |
|
|
|a MARS
|
| 999 |
f |
f |
|s c57b1f76-83bd-3078-8e86-9839fab01329
|i c0384fab-9deb-370d-ab1e-9e1bb76a6c6f
|t 0
|
| 952 |
f |
f |
|p normal
|a Texas A&M University
|b College Station
|c Sterling C. Evans Library
|d Evans: Library Stacks
|t 0
|e LB1050 .G765 1979
|h Library of Congress classification
|i unmediated -- volume
|m A14803246911
|
| 998 |
f |
f |
|a LB1050 .G765 1979
|t 0
|l Evans: Library Stacks
|